The law of foreign exchange in Pakistan : (Record no. 3774)
[ view plain ]
| 000 -LEADER | |
|---|---|
| fixed length control field | 01047cam a22002651 4500 |
| 001 - CONTROL NUMBER | |
| control field | 3774 |
| 003 - CONTROL NUMBER IDENTIFIER | |
| rucl marc code | BD-RjUL |
| 005 - DATE AND TIME OF LATEST TRANSACTION | |
| control field | 20211208233800.0 |
| 008 - FIXED-LENGTH DATA ELEMENTS--GENERAL INFORMATION | |
| fixed length control field | 131221t1963 pk 000 0 eng |
| 035 ## - SYSTEM CONTROL NUMBER | |
| System control number | (BD-RjUL)3808 |
| System control number | (OCoLC)24194257 |
| 040 ## - CATALOGING SOURCE | |
| Original cataloging agency | DLC |
| Transcribing agency | ViU |
| Modifying agency | DLC |
| Language of cataloging | eng |
| 041 ## - LANGUAGE CODE | |
| Language code of text/sound track or separate title | eng |
| 082 04 - DEWEY DECIMAL CLASSIFICATION NUMBER | |
| Edition number | 16 |
| Classification number | 332.115 |
| Author mark and year | AHL 1963 |
| 100 1# - MAIN ENTRY--PERSONAL NAME | |
| Personal name | Ahmad, Qutubuddin . |
| 9 (RLIN) | 12002 |
| 245 14 - TITLE STATEMENT | |
| Title | The law of foreign exchange in Pakistan : |
| Remainder of title | (Comparative British and Indian law included) / |
| Statement of responsibility, etc. | Qutubuddin Ahmad. |
| 260 ## - PUBLICATION, DISTRIBUTION, ETC. (IMPRINT) | |
| Place of publication, distribution, etc. | Karachi : |
| Name of publisher, distributor, etc. | Pakistan Pub. House, |
| Date of publication, distribution, etc. | 1963. |
| 300 ## - PHYSICAL DESCRIPTION | |
| Pagination | volumes : |
| Illustrations | illustrations ; |
| Size | 25 cm. |
| 500 ## - GENERAL NOTE | |
| General note | "Exchange control act, 1947": v. 1, p. 153-203. |
| 505 0# - FORMATTED CONTENTS NOTE | |
| Formatted contents note | Vol. 1 Foreign exchange regulation act, with commentary. Foreign exchange regulations -- v. 2 Proforma of forms of applications, declarations and returns. |
| 650 #0 - SUBJECT ADDED ENTRY--TOPICAL TERM | |
| Topical term or geographic name as entry element | Foreign exchange |
| General subdivision | Law and legislation |
| Geographic subdivision | Pakistan. |
| 9 (RLIN) | 12003 |
| 942 ## - ADDED ENTRY ELEMENTS (KOHA) | |
| Source of classification or shelving scheme | Dewey Decimal Classification |
| Koha item type | Books |
| Lost status | Source of classification or shelving scheme | Damaged status | Not for loan | Collection code | Permanent Location | Current Location | Shelving location | Date acquired | Cost, normal purchase price | Total Checkouts | Full call number | Date last seen | Copy number | Koha item type | Source of acquisition |
|---|---|---|---|---|---|---|---|---|---|---|---|---|---|---|---|
| Dewey Decimal Classification | Non-fiction | Central Library, University of Rajshahi | Central Library, University of Rajshahi | 46.00 | 332.115 AHL V-1 1963 | 21/12/2013 | C-3 | Books | |||||||
| Dewey Decimal Classification | Non-fiction | Central Library, University of Rajshahi | Central Library, University of Rajshahi | 24/10/1968 | 46.00 | 332.115 AHL V-1 1963 | 25/06/2016 | C-2 | Books | Warshi book center, Dhaka | |||||
| Dewey Decimal Classification | Non-fiction | Central Library, University of Rajshahi | Central Library, University of Rajshahi | 26/06/1968 | 46.00 | 332.115 AHL V-1 1963 | 25/06/2016 | C-4 | Books | Warshi book center, Dhaka | |||||
| Dewey Decimal Classification | Non-fiction | Central Library, University of Rajshahi | Central Library, University of Rajshahi | 26/06/1968 | 46.00 | 332.115 AHL V-2 1963 | 25/06/2016 | C-2 | Books | Warshi book center, Dhaka | |||||
| Dewey Decimal Classification | Non-fiction | Central Library, University of Rajshahi | Central Library, University of Rajshahi | 26/06/1968 | 46.00 | 332.115 AHL V-2 1963 | 25/06/2016 | C-3 | Books | Warshi book center, Dhaka | |||||
| Dewey Decimal Classification | Non-fiction | Central Library, University of Rajshahi | Central Library, University of Rajshahi | 26/06/1968 | 46.00 | 332.115 AHL V-2 1963 | 25/06/2016 | C-4 | Books | Warshi book center, Dhaka | |||||
| Dewey Decimal Classification | Non-fiction | Central Library, University of Rajshahi | Central Library, University of Rajshahi | 22/02/1967 | 46.00 | 332.115 AHL V-2 1963 | 25/06/2016 | C-5 | Books | Pak. law house |